000 00686nam a2200217 i 4500
001 33020
003 ES-MaACL
005 20231228062647.0
007 t|
008 030201s1944 sp ||||1| spa d
080 _a614.253
100 1 _aBenzo Cano, Eduardo.
_927812
245 1 3 _aLa responsabilidad profesional del médico /
_cEduardo Benzo Cano ; prólogo de Gregorio Marañón.
260 _aMadrid :
_bExcelicer,
_c1944.
300 _a749 p. ;
_c26 cm.
650 4 _aMédicos-
_xResponsabilidad profesional.
_9150964
650 4 _aMédicos-
_xMoral profesional.
_914942
700 1 _aMarañón, Gregorio,
_d1887-1960
_976311
852 4 _aES-MaACL
_jE-91
999 _c33020
_d33020